Online Catalogue and eLibrary

The Mahavamsa : (Record no. 3489)

MARC details
000 -LEADER
fixed length control field 00470nam a2200145Ia 4500
005 - DATE AND TIME OF LATEST TRANSACTION
control field 20250219025706.0
008 - FIXED-LENGTH DATA ELEMENTS--GENERAL INFORMATION
fixed length control field 240331s9999 xx 000 0 und d
082 ## - DDC Classification
Item Number - Author Mark MAH
Class No. 954
245 #4 - TITLE STATEMENT
Title The Mahavamsa :
Remainder of title chapters VII-XI
260 ## - PUBLICATION, DISTRIBUTION, ETC.
Place of publication, distribution, etc. Sri Lanka
Name of publisher, distributor, etc. Anula Press
Date of publication, distribution, etc. 1958
300 ## - PHYSICAL DESCRIPTION
Extent (e.g. Volumes, Pages etc.) Viii, 80 p .,
500 ## - GENERAL NOTE
General note The five chapters of the Mahavamsa edited in this book have been prescribed for the General Certificate in Education.
700 ## - ADDED ENTRY--PERSONAL NAME
Personal name Pannila, C.
Relator term (Role) Editor
942 ## - Koha item type (Biblio)
Koha item type Books in Stacks (Lending)
Holdings
Lost status Damaged status Collection code Home library Current library Shelving location Date acquired Full call number Accession Number Item type
    Lending WERC Library WERC Library Social Science Cupboard 03/31/2024 954.93 MAH 188 Books in Stacks (Lending)

© WERC Library